Native timbers of South Africa : /

Saved in:
Bibliographic Details
Main Author: Sim, T. R. (Thomas Robertson), 1858-1938
Corporate Author: South Africa. Dept. of Mines and Industries
Format: Book
Language:English
Published: Pretoria : Government Printer, 1921.
Series:Memoir ; no. 3
Subjects:
LEADER 01145nam a2200289 a 4500
001 c000261154
003 CARM
005 20070523132738.0
008 810225s1921 sa af b f001 0 eng d
019 1 |a 50070635  |5 LACONCORD2021 
035 |a (OCoLC)812536215  |5 LACONCORD2021 
040 |a VCAV  |b eng  |c VCAV 
043 |a f-sa--- 
100 1 |a Sim, T. R.  |q (Thomas Robertson),  |d 1858-1938. 
245 1 0 |a Native timbers of South Africa : /  |c by T.R. Sim. 
260 |a Pretoria :  |b Government Printer,  |c 1921. 
300 |a 232 p., [40] p. of plates :  |b ill. ;  |c 24 cm. 
490 0 |a Memoir ;  |v no. 3 
500 |a Includes index. 
500 |a At head of title: Union of South Africa Department of Mines and Industries (Industries Division) 
504 |a Bibliography: p. 231-232. 
650 0 |a Timber  |z South Africa. 
650 0 |a Trees  |z South Africa. 
710 1 |a South Africa.  |b Dept. of Mines and Industries. 
852 8 |b CARM  |h A1:AL28C0  |i B10157  |p 0377720  |f BK 
999 f f |i cde19870-3aa4-5b2f-ba7f-edf414479c43  |s 2f0de8aa-89ce-586a-931e-3816dc5bfed9 
952 f f |p Can circulate  |a CAVAL  |b CAVAL  |c CAVAL  |d CARM 1 Store  |e B10157  |f A1:AL28C0  |h Other scheme  |i book  |m 0377720